[Event "DEM U18w 2015"]
[Site "Willingen GER"]
[Date "2015.05.24"]
[Round "1"]
[White "Lagunow, Elina"]
[Black "Heinemann, Josefine"]
[Result "0-1"]
[Termination "normal"]
[Board "1"]
[WhiteElo "1760"]
[BlackElo "2317"]
[WhiteClock "00:00:58"]
[BlackClock "00:50:05"]
[PlyCount "58"]
[WhiteFideId "4673387"]
[BlackFideId "12900460"]
[EventCountry "GER"]
[EventRounds "9"]
[EventType "swiss"]
[EventDate "2015.05.23"]

1. e4 c5 2. Nf3 e6 3. d4 cxd4 4. Nxd4 Nc6 5. Nc3 Qc7 6. Be3 a6 7. Qf3 Bd6 8.
Nxc6 bxc6 9. Bd4 e5 10. Bc4 Nf6 11. Be3 Bb4 12. Bd2 d6 13. h3 Be6 14. Bb3 O-O
15. O-O Rab8 16. Rfd1 Kh8 17. Bg5 Nd7 18. Ne2 Nc5 19. c4 f5 20. exf5 Rxf5 21.
Qe3 Nxb3 22. axb3 Bc5 23. Qd3 Rxg5 24. Rxa6 Rf5 25. Rf1 Rbf8 26. Kh2 e4 27. Qg3
Bxf2 28. Qc3 d5+ 29. g3 Rf3 0-1

[Event "DEM U18w 2015"]
[Site "Willingen GER"]
[Date "2015.05.24"]
[Round "1"]
[White "Bluhm, Sonja Maria"]
[Black "Greßmann, Hanna"]
[Result "1-0"]
[Termination "normal"]
[Board "2"]
[WhiteTitle "WFM"]
[WhiteElo "2198"]
[BlackElo "1717"]
[WhiteClock "00:02:51"]
[BlackClock "00:22:39"]
[PlyCount "73"]
[WhiteFideId "24654027"]
[BlackFideId "12930709"]
[EventCountry "GER"]
[EventRounds "9"]
[EventType "swiss"]
[EventDate "2015.05.23"]

1. e4 e5 2. Nf3 Nc6 3. Bc4 Bc5 4. c3 Nf6 5. d3 d6 6. Bb3 a6 7. O-O Ba7 8. Re1
O-O 9. h3 h6 10. Nbd2 Nh5 11. Nf1 Qf6 12. Be3 Nf4 13. Bxf4 exf4 14. d4 Re8 15.
Bc2 Ne7 16. N3h2 Ng6 17. Nd2 c5 18. Ndf3 b5 19. Qd2 Bb7 20. a4 Bb6 21. Qd3 c4
22. Qd2 Rad8 23. Rad1 Bc7 24. axb5 axb5 25. Ng4 Qe6 26. d5 Qd7 27. Nd4 Ra8 28.
Nf5 Bc8 29. Nfxh6+ Kf8 30. Nf5 Qd8 31. Qd4 Bxf5 32. exf5 Ne5 33. Qxf4 f6 34.
Nh2 Qd7 35. Re3 Bb6 36. Rg3 Re7 37. Qh4 1-0

[Event "DEM U18w 2015"]
[Site "Willingen GER"]
[Date "2015.05.24"]
[Round "1"]
[White "Poetsch, Leonore"]
[Black "Diederichs, Luise"]
[Result "1-0"]
[Termination "normal"]
[Board "3"]
[WhiteElo "1657"]
[BlackElo "2076"]
[WhiteClock "00:45:26"]
[BlackClock "00:00:51"]
[PlyCount "59"]
[WhiteFideId "12940372"]
[BlackFideId "24661597"]
[EventCountry "GER"]
[EventRounds "9"]
[EventType "swiss"]
[EventDate "2015.05.23"]

1. e4 c5 2. c3 Nf6 3. e5 Nd5 4. Nf3 Nc6 5. Bc4 Nb6 6. Bb3 c4 7. Bc2 g6 8. O-O
Bg7 9. Re1 d6 10. exd6 Qxd6 11. d3 cxd3 12. Qxd3 O-O 13. Na3 Qb8 14. Be3 Bf5
15. Qe2 Bxc2 16. Nxc2 Nd5 17. Bc5 Re8 18. Ncd4 e5 19. Nxc6 bxc6 20. Rad1 e4 21.
Nd4 Nf4 22. Qc4 Nd3 23. Nxc6 Qc7 24. Ne7+ Rxe7 25. Rxd3 Rc8 26. Rd5 Re5 27.
Red1 e3 28. fxe3 Re6 29. Qd3 Rce8 30. b4 1-0

[Event "DEM U18w 2015"]
[Site "Willingen GER"]
[Date "2015.05.24"]
[Round "1"]
[White "Siegl, Melina"]
[Black "Wolff, Marie Antoinette"]
[Result "1/2-1/2"]
[Termination "normal"]
[Board "4"]
[WhiteElo "1946"]
[BlackElo "1596"]
[WhiteClock "00:04:02"]
[BlackClock "00:37:57"]
[PlyCount "94"]
[WhiteFideId "1272126"]
[BlackFideId "12908258"]
[EventCountry "GER"]
[EventRounds "9"]
[EventType "swiss"]
[EventDate "2015.05.23"]

1. e4 c5 2. Nf3 Nc6 3. Bb5 Nf6 4. d3 g6 5. O-O Bg7 6. Nc3 O-O 7. Be3 d6 8. Bxc6
bxc6 9. h3 Rb8 10. Rb1 Nd7 11. Qd2 Re8 12. Nh2 Bb7 13. Ne2 d5 14. Bh6 Bh8 15.
f4 c4 16. f5 cxd3 17. cxd3 dxe4 18. dxe4 Ne5 19. fxg6 hxg6 20. Qf4 Bf6 21. Ng4
Nxg4 22. Qxg4 Ba6 23. b3 Rb4 24. Rbd1 Qc8 25. Qf3 Qe6 26. Rfe1 Qxe4 27. Qxe4
Rxe4 28. Kf2 g5 29. Ng3 Rf4+ 30. Kg1 Kh7 31. Nh5 Rf5 32. g4 Bc3 33. Re3 Re5 34.
Rxc3 Kxh6 35. Rxc6+ Re6 36. Rdc1 Bb7 37. Rxe6+ fxe6 38. Rc7 Bd5 39. Rxa7 Kg6
40. b4 Kf7 41. a4 Rc8 42. b5 Rc1+ 43. Kf2 Rc3 44. b6 Rxh3 45. a5 Rb3 46. Rc7
Rb5 47. Ra7 Rb4 1/2-1/2

[Event "DEM U18w 2015"]
[Site "Willingen GER"]
[Date "2015.05.24"]
[Round "1"]
[White "Rahimi, Anita"]
[Black "Schwarz, Larissa"]
[Result "0-1"]
[Termination "normal"]
[Board "5"]
[WhiteElo "1673"]
[BlackElo "1977"]
[WhiteClock "00:00:57"]
[BlackClock "00:27:21"]
[PlyCount "84"]
[WhiteFideId "24692336"]
[BlackFideId "24699004"]
[EventCountry "GER"]
[EventRounds "9"]
[EventType "swiss"]
[EventDate "2015.05.23"]

1. d4 Nf6 2. Bf4 g6 3. e3 Bg7 4. Nf3 O-O 5. Bd3 d5 6. Nbd2 c5 7. c3 Nc6 8. O-O
Nd7 9. Bb5 Qb6 10. Bxc6 bxc6 11. Qb3 cxd4 12. exd4 Re8 13. Rfe1 Bb7 14. Qa4
Rad8 15. b4 Ba6 16. Qc2 Qb5 17. Rab1 Qd3 18. Qxd3 Bxd3 19. Rb2 Nb6 20. Rb3 Nc4
21. Nxc4 Bxc4 22. Ra3 a6 23. Nd2 Bb5 24. Ra5 Ra8 25. Nb3 e6 26. Nd2 f6 27. Bd6
e5 28. dxe5 fxe5 29. Nf3 Re6 30. Bc5 h6 31. a4 Bc4 32. Nd4 Rf6 33. Rxe5 Rxf2
34. Kxf2 Bxe5 35. Nxc6 Bxc3 36. Bd4 Bd2 37. Be3 Rf8+ 38. Kg3 Bxe3 39. Ne7+ Kg7
40. Nxd5 Bf2+ 41. Kh3 Rf5 42. Nc7 Rf4 0-1

[Event "DEM U18w 2015"]
[Site "Willingen GER"]
[Date "2015.05.24"]
[Round "1"]
[White "Hund, Sarah"]
[Black "Braun, Kristin"]
[Result "1-0"]
[Termination "normal"]
[Board "6"]
[WhiteElo "1948"]
[BlackElo "1749"]
[WhiteClock "00:03:58"]
[BlackClock "00:01:33"]
[PlyCount "109"]
[WhiteFideId "12923338"]
[BlackFideId "24656534"]
[EventCountry "GER"]
[EventRounds "9"]
[EventType "swiss"]
[EventDate "2015.05.23"]

1. e4 d5 2. exd5 Nf6 3. d4 Nxd5 4. Nf3 g6 5. c4 Nb6 6. h3 Bg7 7. Be3 O-O 8. Nc3
Nc6 9. Be2 e5 10. d5 Ne7 11. O-O h5 12. Ne4 Bf5 13. Nc5 Qc8 14. Qd2 Nd7 15. Qb4
b6 16. Nb3 Re8 17. Rfd1 e4 18. Nfd4 c5 19. dxc6 Nxc6 20. Nxc6 Qxc6 21. Nd4 Qf6
22. Nxf5 Qxf5 23. Rd5 Qe6 24. Rd6 Qe7 25. Qd2 Ne5 26. c5 Red8 27. Rd1 Rxd6 28.
cxd6 Qd7 29. Qb4 Rd8 30. Qxe4 f5 31. Qd5+ Nf7 32. Bg5 Rb8 33. Bb5 Qb7 34. Bc6
Qa6 35. d7 Qa5 36. Qxa5 bxa5 37. d8=Q+ Nxd8 38. Rxd8+ Rxd8 39. Bxd8 Bxb2 40.
Bxa5 Kf7 41. Kf1 g5 42. Bd7 f4 43. Bd8 Kg6 44. Be8+ Kh6 45. Be7 h4 46. Bc5 a5
47. Ke2 Bc3 48. Kf3 Bd2 49. Kg4 Bc1 50. Bf8+ Kh7 51. Be7 f3 52. gxf3 Kh6 53.
Bf8+ Kh7 54. Kh5 Bd2 55. Be7 1-0

[Event "DEM U18w 2015"]
[Site "Willingen GER"]
[Date "2015.05.24"]
[Round "1"]
[White "Siegel, Aurelia"]
[Black "Zahn, Alina"]
[Result "0-1"]
[Termination "normal"]
[Board "7"]
[WhiteElo "1633"]
[BlackElo "2056"]
[PlyCount "54"]
[WhiteFideId "12929581"]
[BlackFideId "24696730"]
[EventCountry "GER"]
[EventRounds "9"]
[EventType "swiss"]
[EventDate "2015.05.23"]

1. e4 e5 2. Nf3 Nc6 3. d4 exd4 4. Nxd4 Nf6 5. Nc3 Bb4 6. Nxc6 bxc6 7. Bd3 O-O
8. O-O d5 9. Bg5 h6 10. Bh4 g5 11. Bg3 Bg4 12. f3 Be6 13. e5 Nh5 14. Ne2 c5 15.
c3 Ba5 16. f4 Bg4 17. Kh1 Nxg3+ 18. hxg3 f5 19. Bb5 Rb8 20. a4 Rb6 21. Qd2 c6
22. Bd3 Qe8 23. Rab1 c4 24. Bc2 Qh5+ 25. Kg1 Bxe2 26. Rfe1 Bg4 27. e6 Rb7 0-1

[Event "DEM U18w 2015"]
[Site "Willingen GER"]
[Date "2015.05.24"]
[Round "1"]
[White "Böhm, Jana"]
[Black "Wagner, Swenja"]
[Result "0-1"]
[Termination "normal"]
[Board "8"]
[WhiteElo "1846"]
[BlackElo "1619"]
[PlyCount "40"]
[WhiteFideId "24661589"]
[BlackFideId "12900494"]
[EventCountry "GER"]
[EventRounds "9"]
[EventType "swiss"]
[EventDate "2015.05.23"]

1. e4 e5 2. Nf3 Nc6 3. Bb5 Nf6 4. d3 Ne7 5. Nxe5 c6 6. Nc4 d6 7. Ba4 b5 8. O-O
bxa4 9. Nc3 Ng6 10. Qe1 Be7 11. f4 O-O 12. Nxa4 d5 13. Nd2 dxe4 14. Kh1 Qa5 15.
Nc3 exd3 16. cxd3 Bf5 17. Nb3 Qc7 18. d4 Rfe8 19. Qd1 Bd6 20. Ne2 Bg4 0-1

[Event "DEM U18w 2015"]
[Site "Willingen GER"]
[Date "2015.05.24"]
[Round "1"]
[White "Kovac, Linda"]
[Black "Fesselier, Melissa"]
[Result "0-1"]
[Termination "normal"]
[Board "9"]
[WhiteElo "1562"]
[BlackElo "1927"]
[PlyCount "92"]
[WhiteFideId "12938815"]
[BlackFideId "20689284"]
[EventCountry "GER"]
[EventRounds "9"]
[EventType "swiss"]
[EventDate "2015.05.23"]

1. d4 Nf6 2. Nf3 g6 3. e3 Bg7 4. Bd3 d5 5. Nbd2 Nbd7 6. c4 c5 7. b3 O-O 8. Bb2
Re8 9. Ne5 Nxe5 10. dxe5 Ng4 11. cxd5 Nxe5 12. Bc4 a6 13. a4 Bd7 14. Qe2 Qa5
15. O-O Qc7 16. f4 Nxc4 17. Nxc4 Bxb2 18. Qxb2 b5 19. Ne5 Reb8 20. axb5 axb5
21. Rxa8 Rxa8 22. Rc1 Rc8 23. Qc3 Qb7 24. Qd2 f6 25. Nf3 Bg4 26. Ne1 Bf5 27. d6
Qd7 28. Rd1 exd6 29. Qxd6 Qxd6 30. Rxd6 c4 31. bxc4 bxc4 32. Rd1 c3 33. Rc1 c2
34. Kf2 Kf7 35. Ke2 Ke7 36. Nd3 Rd8 37. Nb4 Bg4+ 38. Kf2 Rd2+ 39. Kg3 Bf5 40.
Na2 Be4 41. Nc3 Bc6 42. h4 Rxg2+ 43. Kh3 Rd2 44. Kg3 Kd6 45. Re1 Kc5 46. Na2
Rd1 0-1

[Event "DEM U18w 2015"]
[Site "Willingen GER"]
[Date "2015.05.24"]
[Round "1"]
[White "Rosmait, Emily"]
[Black "Leinemann, Vivien Sophie"]
[Result "1-0"]
[Termination "normal"]
[Board "10"]
[WhiteElo "1928"]
[BlackElo "1425"]
[PlyCount "71"]
[WhiteFideId "12937754"]
[BlackFideId "16208536"]
[EventCountry "GER"]
[EventRounds "9"]
[EventType "swiss"]
[EventDate "2015.05.23"]

1. e4 c5 2. Nf3 e6 3. d3 Qc7 4. g3 b6 5. Bg2 Bb7 6. O-O Nf6 7. Re1 d5 8. e5
Nfd7 9. Bf4 Nc6 10. c3 Be7 11. Nbd2 h6 12. h4 g5 13. hxg5 hxg5 14. Nxg5 Bxg5
15. Bxg5 Ndxe5 16. Nf1 d4 17. Qe2 Ng6 18. Nh2 Nce5 19. Bf6 Kd7 20. Bxe5 Nxe5
21. Qxe5 Qxe5 22. Rxe5 Bxg2 23. Kxg2 dxc3 24. bxc3 Ke7 25. Nf3 Rad8 26. d4 cxd4
27. cxd4 Rd7 28. Rc1 f6 29. Re4 Kd6 30. a4 Re8 31. Rh4 e5 32. dxe5+ fxe5 33.
Rh6+ Re6 34. Rd1+ Kc7 35. Rxd7+ Kxd7 36. Rh7+ 1-0

[Event "DEM U18w 2015"]
[Site "Willingen GER"]
[Date "2015.05.24"]
[Round "1"]
[White "Schirrmeister, Laura"]
[Black "Weber, Sandra"]
[Result "0-1"]
[Termination "normal"]
[Board "11"]
[WhiteElo "1166"]
[BlackElo "1862"]
[PlyCount "38"]
[WhiteFideId "24694967"]
[BlackFideId "1270049"]
[EventCountry "GER"]
[EventRounds "9"]
[EventType "swiss"]
[EventDate "2015.05.23"]

1. f4 c5 2. Nf3 Nc6 3. g3 d5 4. Bg2 Nf6 5. O-O g6 6. d3 Bg7 7. Nc3 O-O 8. Qe1
e6 9. Bd2 Kh8 10. h3 Ng8 11. Qf2 b6 12. g4 Bd7 13. e4 dxe4 14. dxe4 Nd4 15. Ng5
h6 16. Nf3 Nxc2 17. Rad1 Qe7 18. g5 h5 19. Nh4 Bd4 0-1

[Event "DEM U18w 2015"]
[Site "Willingen GER"]
[Date "2015.05.24"]
[Round "1"]
[White "Herbrig, Marie-Helen"]
[Black "Gläser, Anne"]
[Result "1-0"]
[Termination "normal"]
[Board "12"]
[WhiteElo "1799"]
[BlackElo "1153"]
[PlyCount "81"]
[WhiteFideId "12900427"]
[BlackFideId "16208765"]
[EventCountry "GER"]
[EventRounds "9"]
[EventType "swiss"]
[EventDate "2015.05.23"]

1. d4 d5 2. c4 dxc4 3. Nc3 Nf6 4. e4 e5 5. Qa4+ Bd7 6. Qxc4 Bd6 7. Bg5 O-O 8.
Nf3 Qe7 9. Nd5 Qe6 10. Nxf6+ gxf6 11. Qxe6 fxe6 12. dxe5 Bxe5 13. Nxe5 fxg5 14.
Bc4 Re8 15. O-O-O Bc6 16. f3 a6 17. h4 b5 18. Bb3 gxh4 19. Rxh4 Re7 20. Rd8+
Re8 21. Nxc6 Nxc6 22. Rxa8 Rxa8 23. Bxe6+ Kg7 24. Bd5 Rf8 25. Bxc6 Rf6 26. Rg4+
Kf8 27. Bd5 Rh6 28. Rg8+ Ke7 29. Rg7+ Kd6 30. Bg8 Rh1+ 31. Kc2 c5 32. Bxh7 Ke5
33. Bf5 Rh2 34. Bh3 Kf4 35. Rd7 Ke3 36. e5 Rh1 37. Rd1 Kf4 38. e6 Rxd1 39. Kxd1
Ke5 40. e7 Kd6 41. e8=Q 1-0

[Event "DEM U18w 2015"]
[Site "Willingen GER"]
[Date "2015.05.24"]
[Round "2"]
[White "Fesselier, Melissa"]
[Black "Bluhm, Sonja Maria"]
[Result "1/2-1/2"]
[Termination "normal"]
[Board "2"]
[BlackTitle "WFM"]
[WhiteElo "1927"]
[BlackElo "2198"]
[WhiteClock "00:01:26"]
[BlackClock "00:01:21"]
[PlyCount "81"]
[WhiteFideId "20689284"]
[BlackFideId "24654027"]
[EventCountry "GER"]
[EventRounds "9"]
[EventType "swiss"]
[EventDate "2015.05.23"]

1. e4 c5 2. Nf3 Nc6 3. d4 cxd4 4. Nxd4 Nf6 5. Nc3 d6 6. Bg5 e6 7. Qd2 Qb6 8.
Nb3 Be7 9. Bxf6 gxf6 10. a4 Na5 11. Bb5+ Bd7 12. Bxd7+ Kxd7 13. Nxa5 Qxa5 14.
O-O a6 15. f4 Rad8 16. Kh1 f5 17. b4 Qxb4 18. Rab1 Qc5 19. Rxb7+ Ke8 20. exf5
Qxf5 21. Re1 Kf8 22. Ne4 Rg8 23. Ng3 Qf6 24. f5 e5 25. Ne4 Qh4 26. g3 Qh5 27.
f6 Bxf6 28. Nxf6 Qf3+ 29. Qg2 Qxf6 30. Rf1 Qe6 31. Rfxf7+ Qxf7 32. Rxf7+ Kxf7
33. Qb7+ Ke6 34. Qxa6 Rgf8 35. Qc4+ d5 36. Qg4+ Kd6 37. Qb4+ Ke6 38. Qg4+ Kd6
39. Qg7 Rf1+ 40. Kg2 Rdf8 41. Qxh7 1/2-1/2

[Event "DEM U18w 2015"]
[Site "Willingen GER"]
[Date "2015.05.24"]
[Round "2"]
[White "Schwarz, Larissa"]
[Black "Herbrig, Marie-Helen"]
[Result "0-1"]
[Termination "normal"]
[Board "3"]
[WhiteElo "1977"]
[BlackElo "1799"]
[WhiteClock "00:00:41"]
[BlackClock "00:12:10"]
[PlyCount "84"]
[WhiteFideId "24699004"]
[BlackFideId "12900427"]
[EventCountry "GER"]
[EventRounds "9"]
[EventType "swiss"]
[EventDate "2015.05.23"]

1. e4 c5 2. Nf3 Nc6 3. d4 cxd4 4. Nxd4 Nf6 5. Nc3 d6 6. Bc4 e6 7. Be3 Be7 8.
Bb3 O-O 9. O-O a6 10. f4 Qc7 11. Qf3 Nxd4 12. Bxd4 b5 13. f5 b4 14. Na4 e5 15.
Bf2 Rb8 16. c3 Bd7 17. Rac1 Qb7 18. Nb6 Bc6 19. Nd5 Nxd5 20. exd5 Bd7 21. Qe4
Rfc8 22. Bh4 Bxh4 23. Qxh4 f6 24. c4 Rc5 25. Rf3 Rbc8 26. Rcf1 a5 27. Rh3 h6
28. Rg3 Kf8 29. Rg4 Be8 30. Rf3 R8c7 31. Rfg3 h5 32. Re4 Qc8 33. Qh3 a4 34. Bd1
Rxc4 35. Rxc4 Rxc4 36. Bxh5 Rc1+ 37. Kf2 Qc5+ 38. Re3 Bxh5 39. Qxh5 Rc2+ 40.
Kf3 Qxd5+ 41. Kg3 Qxg2+ 42. Kh4 Rc4+ 0-1

[Event "DEM U18w 2015"]
[Site "Willingen GER"]
[Date "2015.05.24"]
[Round "2"]
[White "Weber, Sandra"]
[Black "Hund, Sarah"]
[Result "0-1"]
[Termination "normal"]
[Board "4"]
[WhiteElo "1862"]
[BlackElo "1948"]
[WhiteClock "00:01:54"]
[BlackClock "00:05:02"]
[PlyCount "155"]
[WhiteFideId "1270049"]
[BlackFideId "12923338"]
[EventCountry "GER"]
[EventRounds "9"]
[EventType "swiss"]
[EventDate "2015.05.23"]

1. e4 e5 2. Nf3 Nc6 3. Bb5 Nge7 4. O-O Ng6 5. d3 d6 6. c3 Be7 7. Nbd2 Bd7 8.
Re1 h6 9. Nf1 Bg5 10. Ng3 Bxc1 11. Rxc1 O-O 12. Ba4 Nf4 13. Bc2 Qf6 14. d4 Bg4
15. Nf5 Qg6 16. Ng3 Rad8 17. h3 Bc8 18. Qd2 Ne7 19. Qe3 Qf6 20. Rcd1 Neg6 21.
Kh2 Rfe8 22. dxe5 Nxe5 23. b3 Nxg2 24. Kxg2 Nxf3 25. Rh1 Nh4+ 26. Kf1 Qf3 27.
Qxf3 Nxf3 28. Kg2 Ng5 29. f4 Ne6 30. Kf3 b6 31. Rhg1 Bb7 32. Nh5 Kh8 33. h4 f5
34. Rde1 Rd7 35. Kg3 Rde7 36. e5 dxe5 37. fxe5 Nc5 38. Nf4 Kg8 39. Ng6 Rf7 40.
Rgf1 Be4 41. Rf2 f4+ 42. Nxf4 Rxf4 43. Rxf4 Bxc2 44. Re2 Bg6 45. Rd4 Bf5 46.
Rf4 g6 47. h5 Nd3 48. Rd4 Rxe5 49. Rxe5 Nxe5 50. hxg6 Nxg6 51. Rd8+ Kf7 52. Ra8
Ke6 53. Rxa7 Kd6 54. Ra4 c5 55. Ra8 h5 56. a4 h4+ 57. Kh2 Ne5 58. Rf8 Bc2 59.
Rf6+ Kc7 60. Kh3 Bxb3 61. Kxh4 Bxa4 62. Kg3 Nc4 63. Kf2 b5 64. Ke2 Nd6 65. Kd3
Kc6 66. Rh6 Bb3 67. Kd2 b4 68. cxb4 cxb4 69. Kc1 Kc5 70. Rh5+ Kd4 71. Rh4+ Kc3
72. Rh3+ Kc4 73. Kb2 Bd1 74. Rh4+ Kb5 75. Rh8 Bf3 76. Rh3 Be4 77. Rh5+ Ka4 78.
Rc5 0-1

[Event "DEM U18w 2015"]
[Site "Willingen GER"]
[Date "2015.05.24"]
[Round "2"]
[White "Zahn, Alina"]
[Black "Poetsch, Leonore"]
[Result "0-1"]
[Termination "normal"]
[Board "5"]
[WhiteElo "2056"]
[BlackElo "1657"]
[WhiteClock "00:26:26"]
[BlackClock "01:22:20"]
[PlyCount "94"]
[WhiteFideId "24696730"]
[BlackFideId "12940372"]
[EventCountry "GER"]
[EventRounds "9"]
[EventType "swiss"]
[EventDate "2015.05.23"]

1. e4 e6 2. d4 d5 3. Nc3 Nf6 4. e5 Nfd7 5. f4 c5 6. Nf3 Nc6 7. Be3 Qb6 8. Na4
Qa5+ 9. c3 cxd4 10. b4 Nxb4 11. cxb4 Bxb4+ 12. Bd2 Bxd2+ 13. Nxd2 O-O 14. Bd3
b5 15. Nb2 Nb6 16. O-O Nc4 17. Nb3 Qa3 18. Bxh7+ Kxh7 19. Qh5+ Kg8 20. Nd3 Nd2
21. Nxd2 Qxd3 22. Nb3 Qh7 23. Qd1 Bd7 24. Nxd4 Rfc8 25. Qe2 Rc4 26. Rad1 a5 27.
Rf3 Qh5 28. Qd3 Rac8 29. Rh3 Qxd1+ 30. Qxd1 Rc1 31. Rd3 b4 32. Kf2 Rxd1 33.
Rxd1 Rc3 34. Rd2 Kf8 35. Ne2 Rc7 36. Nd4 Ba4 37. g3 Ke7 38. Rb2 Rc4 39. Nb3
Bxb3 40. axb3 Rc5 41. Ke2 Kd7 42. h4 Kc6 43. Kf2 Rc3 44. Kg2 Kb5 45. g4 a4 46.
bxa4+ Kxa4 47. h5 b3 0-1

[Event "DEM U18w 2015"]
[Site "Willingen GER"]
[Date "2015.05.24"]
[Round "2"]
[White "Wagner, Swenja"]
[Black "Siegl, Melina"]
[Result "0-1"]
[Termination "normal"]
[Board "6"]
[WhiteElo "1619"]
[BlackElo "1946"]
[WhiteClock "00:09:35"]
[BlackClock "00:03:12"]
[PlyCount "82"]
[WhiteFideId "12900494"]
[BlackFideId "1272126"]
[EventCountry "GER"]
[EventRounds "9"]
[EventType "swiss"]
[EventDate "2015.05.23"]

1. e4 e6 2. d3 d5 3. Nd2 Nf6 4. Ngf3 b6 5. g3 Bb7 6. e5 Nfd7 7. c3 c5 8. d4 Nc6
9. Bg2 Be7 10. O-O Qc7 11. Re1 g5 12. h3 O-O-O 13. Nf1 Rdg8 14. N1h2 Kb8 15.
Be3 h6 16. Rc1 f5 17. exf6 Nxf6 18. a3 c4 19. Rb1 Ne4 20. Nd2 Nd6 21. Ndf3 Nf5
22. Bd2 Bc8 23. Ng4 Ka8 24. Qe2 Nd6 25. Rbc1 Ne4 26. Be3 Nd6 27. Rb1 Rg7 28.
Bd2 Ne4 29. Bc1 h5 30. Nge5 g4 31. Nh2 Nxe5 32. dxe5 Nc5 33. Qxc4 Ba6 34. Qd4
Nd3 35. Rd1 Bc5 36. Qa4 Nxf2 37. b4 Nxd1+ 38. bxc5 Qxc5+ 39. Kh1 Nf2+ 40. Kg1
Nxh3+ 41. Kh1 Qg1# 0-1

[Event "DEM U18w 2015"]
[Site "Willingen GER"]
[Date "2015.05.24"]
[Round "2"]
[White "Wolff, Marie Antoinette"]
[Black "Böhm, Jana"]
[Result "0-1"]
[Termination "normal"]
[Board "7"]
[WhiteElo "1596"]
[BlackElo "1846"]
[PlyCount "92"]
[WhiteFideId "12908258"]
[BlackFideId "24661589"]
[EventCountry "GER"]
[EventRounds "9"]
[EventType "swiss"]
[EventDate "2015.05.23"]

1. c4 c5 2. Nc3 Nc6 3. g3 g6 4. Bg2 Bg7 5. Nf3 e5 6. O-O Nge7 7. a3 O-O 8. d3
d6 9. Nd2 Be6 10. Nd5 Rb8 11. Rb1 a5 12. Qe1 b5 13. b3 Qd7 14. Nxe7+ Nxe7 15.
Ne4 bxc4 16. dxc4 Bxc4 17. Qd2 Rfd8 18. Rd1 Qc7 19. b4 cxb4 20. axb4 d5 21. Nc5
axb4 22. Nd3 b3 23. Bb2 Nc6 24. Rdc1 Qe7 25. Ra1 Nb4 26. Ba3 Bxd3 27. exd3 e4
28. Rab1 b2 29. Re1 Qc5 30. dxe4 Bc3 31. Qe2 dxe4 32. Rf1 f5 33. Bxb2 Rd2 34.
Qe3 Qxe3 35. fxe3 Rxb2 36. Rxb2 Bxb2 37. g4 Nd5 38. Re1 Kf7 39. Re2 Rb3 40.
gxf5 gxf5 41. Bh3 Nxe3 42. Rf2 Ke6 43. Rd2 Be5 44. Bf1 Nxf1 45. Kxf1 Rb1+ 46.
Kg2 Rb2 0-1

[Event "DEM U18w 2015"]
[Site "Willingen GER"]
[Date "2015.05.24"]
[Round "2"]
[White "Diederichs, Luise"]
[Black "Siegel, Aurelia"]
[Result "1-0"]
[Termination "normal"]
[Board "8"]
[WhiteElo "2076"]
[BlackElo "1633"]
[PlyCount "47"]
[WhiteFideId "24661597"]
[BlackFideId "12929581"]
[EventCountry "GER"]
[EventRounds "9"]
[EventType "swiss"]
[EventDate "2015.05.23"]

1. c4 c5 2. g3 g6 3. Nc3 Nc6 4. Bg2 Bg7 5. d3 e6 6. e4 Nge7 7. Nge2 O-O 8. O-O
f5 9. Rb1 Ne5 10. f4 N5c6 11. a3 d6 12. b4 cxb4 13. axb4 Bd7 14. Be3 e5 15. Qb3
Kh8 16. Nd5 Re8 17. Rfe1 a5 18. Bb6 a4 19. Qa3 Qc8 20. Nc7 exf4 21. gxf4 Kg8
22. Nxa8 Qxa8 23. b5 Nb8 24. Rb4 1-0

[Event "DEM U18w 2015"]
[Site "Willingen GER"]
[Date "2015.05.24"]
[Round "2"]
[White "Leinemann, Vivien Sophie"]
[Black "Lagunow, Elina"]
[Result "0-1"]
[Termination "normal"]
[Board "9"]
[WhiteElo "1425"]
[BlackElo "1760"]
[PlyCount "62"]
[WhiteFideId "16208536"]
[BlackFideId "4673387"]
[EventCountry "GER"]
[EventRounds "9"]
[EventType "swiss"]
[EventDate "2015.05.23"]

1. e4 c5 2. Nf3 Nc6 3. d4 cxd4 4. Nxd4 g6 5. c4 Bg7 6. Be3 Nf6 7. Nc3 d6 8. Be2
O-O 9. O-O Bd7 10. Qd2 Nxd4 11. Bxd4 Bc6 12. f3 Nd7 13. b4 Bxd4+ 14. Qxd4 Qb6
15. Qxb6 Nxb6 16. Nd5 Bxd5 17. exd5 Rfc8 18. Rac1 Rc7 19. Rc2 Nxd5 20. Rb2 Ne3
21. Rc1 Rac8 22. Kf2 Nxc4 23. Rbc2 d5 24. Bxc4 Rxc4 25. Rxc4 Rxc4 26. Rxc4 dxc4
27. a4 e5 28. Ke3 f5 29. Kd2 e4 30. fxe4 fxe4 31. Ke3 c3 0-1

[Event "DEM U18w 2015"]
[Site "Willingen GER"]
[Date "2015.05.24"]
[Round "2"]
[White "Greßmann, Hanna"]
[Black "Kovac, Linda"]
[Result "1-0"]
[Termination "normal"]
[Board "10"]
[WhiteElo "1717"]
[BlackElo "1562"]
[PlyCount "59"]
[WhiteFideId "12930709"]
[BlackFideId "12938815"]
[EventCountry "GER"]
[EventRounds "9"]
[EventType "swiss"]
[EventDate "2015.05.23"]

1. e4 c5 2. Nc3 g6 3. f4 Bg7 4. Bc4 a6 5. a4 e6 6. Nf3 d6 7. O-O Ne7 8. Qe1
Nbc6 9. d3 O-O 10. Qh4 Nb4 11. Bb3 b6 12. Ng5 h6 13. Nf3 Nec6 14. Qg3 d5 15. f5
dxe4 16. dxe4 exf5 17. Qxg6 Qf6 18. Qxf6 Bxf6 19. Bxh6 Re8 20. Ng5 Bd4+ 21. Kh1
Ne5 22. exf5 Re7 23. Rae1 Rd7 24. f6 Bb7 25. Bg7 Ng4 26. Nxf7 Kh7 27. Be6 Rxf7
28. Bxf7 Nf2+ 29. Rxf2 Bxf2 30. Re5 1-0

[Event "DEM U18w 2015"]
[Site "Willingen GER"]
[Date "2015.05.24"]
[Round "2"]
[White "Gläser, Anne"]
[Black "Rahimi, Anita"]
[Result "0-1"]
[Termination "normal"]
[Board "11"]
[WhiteElo "1153"]
[BlackElo "1673"]
[PlyCount "70"]
[WhiteFideId "16208765"]
[BlackFideId "24692336"]
[EventCountry "GER"]
[EventRounds "9"]
[EventType "swiss"]
[EventDate "2015.05.23"]

1. e4 c5 2. Nc3 Nc6 3. g3 e6 4. Bg2 d6 5. d3 Be7 6. f4 Bd7 7. Nf3 Bf6 8. O-O a6
9. Be3 Rc8 10. Qd2 Qc7 11. Rad1 Nd4 12. Nxd4 Bxd4 13. Rfe1 Nf6 14. h3 O-O 15.
Kh2 b5 16. a3 a5 17. Rc1 b4 18. Bxd4 cxd4 19. Ne2 bxa3 20. bxa3 Qc5 21. Rb1 e5
22. Rb7 Rb8 23. Reb1 Rxb7 24. Rxb7 Rc8 25. Qc1 Qxc2 26. Qxc2 Rxc2 27. Rb8+ Be8
28. Bf3 Kf8 29. Rb6 Ke7 30. g4 Nd7 31. Ra6 Nc5 32. Ra7+ Bd7 33. f5 Nxd3 34.
Rxa5 Nf4 35. Ra7 Nxe2 0-1

[Event "DEM U18w 2015"]
[Site "Willingen GER"]
[Date "2015.05.24"]
[Round "2"]
[White "Braun, Kristin"]
[Black "Schirrmeister, Laura"]
[Result "1-0"]
[Termination "normal"]
[Board "12"]
[WhiteElo "1749"]
[BlackElo "1166"]
[PlyCount "67"]
[WhiteFideId "24656534"]
[BlackFideId "24694967"]
[EventCountry "GER"]
[EventRounds "9"]
[EventType "swiss"]
[EventDate "2015.05.23"]

1. d4 f5 2. Bg5 Nf6 3. e3 g6 4. Bd3 Bg7 5. Nf3 O-O 6. Nbd2 d6 7. c3 h6 8. Bh4
g5 9. Bg3 Kh8 10. Qc2 Nd5 11. e4 fxe4 12. Bxe4 Nf6 13. h4 Nxe4 14. Nxe4 g4 15.
Nh2 Bf5 16. Qe2 e5 17. dxe5 dxe5 18. Nxg4 Qd5 19. f3 Nd7 20. Ne3 Qf7 21. Nxf5
Qxf5 22. O-O-O h5 23. Qb5 Bh6+ 24. Kb1 c6 25. Qxb7 Rfd8 26. Qxc6 Bf8 27. Rxd7
Rxd7 28. Qxa8 Rd2 29. Bxe5+ Kg8 30. Qxa7 Rxg2 31. Rg1 Qxf3 32. Rxg2+ Qxg2 33.
Nf6+ Kh8 34. Qh7# 1-0